000
003070000a22001330004500
003
MACL
040
_a
MACL
090
_c
35922
_d
35920
100
_a
Singh, Khushwant
245
_a
Ranjit Singh
_b
Maharaja of the Punjab
260
_b
George Allen & Unwin Ltd
650
_a
Biography
942
_c
BOOK
_k
923.1/SIN
999
_c
35541
_d
35541